Lantommal szólíthassalak

Bibliographic Details
Main Author: Sinkovits, Péter (Author)
Format: Article
Language:Slovak
Hungarian
Subjects:

MARC

LEADER 00000nab a2200000 a 4500
001 vtls000622759
003 SK-MaSNL
005 20260304100601.0
008 250425c1997 xo 0 slo
015 |a SNBRB19rr/mm-uuuuu 
035 |a CL0622898 
035 |a urn:nbn:sk:snk-abggk 
035 |a (urnnbn)urn:nbn:sk:snk:ar-002n56 
035 |a (uuid)e8608ae7-83c8-45eb-b008-0ff62f223d9a 
040 |a SNKBUCL  |b slo  |c SNKBUCL  |e AACR2 
041 0 |a hun 
044 |a xo  |c SK 
080 |a 894.511 (497.1)-1=945.11  |2 1981 
100 1 |a Sinkovits, Péter  |4 aut  |9 841869 
245 1 0 |a Lantommal szólíthassalak  |c Péter Sinkovits 
650 0 7 |a básne reflexívne  |2 snkbucl  |9 898242 
655 7 |a články z novín a časopisov  |2 snkbucl  |9 267496 
773 0 |t Kalligram  |g Č. 4 (1997), s. 51 
850 |a Slovenská národná knižnica 
852 |a Slovenská národná knižnica 
958 |a article27 
958 |a OND 
958 |a HU 
958 |a YU 
958 |a LX 
958 |a NX 
958 |a RK 
992 |a RBX 
999 |c 2838684  |d 2840614